La ley de Parkinson : (Registro nro. 7695)
[ vista simple ]
| 000 -CABECERA | |
|---|---|
| campo de control de longitud fija | 00876nam a22002057a 4500 |
| 003 - IDENTIFICADOR DEL NÚMERO DE CONTROL | |
| campo de control | DO-SdBJH |
| 005 - FECHA Y HORA DE LA ÚLTIMA TRANSACCIÓN | |
| campo de control | 20240130143154.0 |
| 008 - DATOS DE LONGITUD FIJA--INFORMACIÓN GENERAL | |
| campo de control de longitud fija | 240130b |||||||| |||| 00| 0 spa d |
| 020 ## - NÚMERO INTERNACIONAL ESTÁNDAR DEL LIBRO | |
| Número Internacional Estándar del Libro | 978-280-628-597-3 |
| 040 ## - FUENTE DE LA CATALOGACIÓN | |
| Centro catalogador/agencia de origen | DO-SdBJH |
| Lengua de catalogación | spa |
| Centro/agencia transcriptor | DO-SdBJH |
| 082 ## - NÚMERO DE LA CLASIFICACIÓN DECIMAL DEWEY | |
| Número de clasificación | 650 P592l 2016 |
| 100 1# - ENTRADA PRINCIPAL--NOMBRE DE PERSONA | |
| Autor Personal | Pichère, Pierre |
| 245 10 - MENCIÓN DE TÍTULO | |
| Título | La ley de Parkinson : |
| Resto del título | aprovechar el tiempo y los efectos disponibles |
| Mención de responsabilidad, etc. | Pierre Pichère |
| 260 ## - PUBLICACIÓN, DISTRIBUCIÓN, ETC. | |
| Lugar de publicación, distribución, etc. | Bélgica |
| Nombre del editor, distribuidor, etc. | 50Minutes.es |
| Fecha de publicación, distribución, etc. | 2016 |
| 300 ## - DESCRIPCIÓN FÍSICA | |
| Extensión | 26 páginas |
| 490 ## - MENCIÓN DE SERIE | |
| Mención de serie | Economía y Empresa |
| 505 ## - NOTA DE CONTENIDO CON FORMATO | |
| Nota de contenido con formato | La ley de Parkinson…1 Teoría- La ley de Parkinson…3 Límites del modelo y extensiones…8 Aplicación del concepto…14 Estudio de caso - la administración Belga…20<br/> |
| 650 7# - PUNTO DE ACCESO ADICIONAL DE MATERIA--TÉRMINO DE MATERIA | |
| Fuente del encabezamiento o término | Sears |
| Término de materia o nombre geográfico como elemento de entrada | "Negocios y economía |
| Subdivisión de forma | industria general |
| Subdivisión general | rendimientos decrecientes |
| 942 ## - ELEMENTOS DE PUNTO DE ACCESO ADICIONAL (KOHA) | |
| Fuente del sistema de clasificación o colocación | Dewey Decimal Classification |
| Tipo de ítem Koha | Libros |
| Estado de retiro | Estado de pérdida | Fuente del sistema de clasificación o colocación | Estado dañado | No para préstamo | Código de colección | Localización permanente | Ubicación/localización actual | Ubicación en estantería | Fecha de adquisición | Número de inventario | Total de préstamos | Signatura topográfica completa | Código de barras | Fecha visto por última vez | Número de copia | Precio válido a partir de | Tipo de ítem Koha |
|---|---|---|---|---|---|---|---|---|---|---|---|---|---|---|---|---|---|
| Dewey Decimal Classification | Colección General | SIBM UNADE - Biblioteca Escuela de Graduados de Estudios Militares, ERD | SIBM UNADE - Biblioteca Escuela de Graduados de Estudios Militares, ERD | En estantería | 01/30/2024 | 24-EERD-02001 | 650 P592l 2016 | 24-EERD-02001 | 01/30/2024 | Ej.1 | Libros | ||||||
| Dewey Decimal Classification | Colección General | SIBM UNADE - Biblioteca Escuela de Graduados de Estudios Militares, ERD | SIBM UNADE - Biblioteca Escuela de Graduados de Estudios Militares, ERD | En estantería | 01/30/2024 | 24-EERD-02002 | 650 P592l 2016 | 24-EERD-02002 | 01/30/2024 | Ej.2 | Libros |
